000 00314nam a22001337a 4500
008 170906b xxu||||| |||| 00| 0 eng d
020 _a9780766815483
041 _aeng
080 _24 ED
_a72
100 _a41
101 _aARK
245 _aARCHITECTURAL DRAFTING AND DESIGN
_cJEFFERIS.A
942 _2udc
_cBK
999 _c26391
_d26391